MARC

LEADER 00000nam0a2200000 4500
001 60329
005 20231031061308.0
010 |a 5947235528 
035 |a (RuTPU)RU\TPU\book\63796 
090 |a 60329 
100 |a 20040206d2004 km y0rusy50 ca 
101 0 |a rus 
102 |a RU 
105 |a y z 001zy 
200 1 |a Дизайн рекламы: поколение NEXT: стратегия творческого проектирования  |f Е. Э. Павловская 
210 |a СПб.  |c Питер  |d 2004 
215 |a 318 с. 
320 |a Библиогр.: с. 314-318 
451 1 |0 (RuTPU)RU\TPU\book\58864  |y 5-94723-552-8  |t Дизайн рекламы: поколение Next. Стратегия творческого проектирования  |f Е. Э. Павловская  |c СПб.  |n Питер  |d 2003  |p 318 с.  |a Павловская, Елена Эммануиловна 
610 1 |a реклама 
610 1 |a дизайн 
610 1 |a творчество 
610 1 |a стратегия 
610 1 |a рекламный образ 
610 1 |a товары 
610 1 |a концепции 
610 1 |a психология 
610 1 |a имидж 
610 1 |a коммуникации 
610 1 |a позиционирующая реклама 
610 1 |a патерналистская реклама 
610 1 |a брендинг 
610 1 |a рекламные сообшения 
675 |a 659  |v 3 
700 1 |a Павловская  |b Е. Э.  |g Елена Эммануиловна 
801 1 |a RU  |b 63413507  |c 20040206  |g PSBO 
801 2 |a RU  |b 63413507  |c 20070518  |g PSBO 
900 |a Конструирование рекламы 
900 |a Креатив в рекламе 
942 |c BK